000 00561nam a2200181Ia 4500
003 GCL
005 20240530103841.0
008 140319s9999 xx 000 0 ara d
040 _aGCL /
_cGCL
082 0 4 _a811.9
_bم ا
100 1 _aمحمد عفيفى مطر
245 1 0 _aاحتفاليات المومياء المتوحشة /
_cمحمد عفيفى مطر
300 _a94 ص
490 _aكتاب
_v0
650 0 4 _aالشعر العربى - دواوين وقصائد
650 0 4 _aالشعر العربى - العصر الحديث
942 _2ddc
_cBK
999 _c42964
_d42964